Science in building

Bibliographic Details
Main Author: Adams, E. C.
Format: Book
Published: London : Hutchinson , 1983
Edition:2nd ed.
Subjects:

MARC

LEADER 00000cam a2200000 7i4500
001 0000001798
005 20050613.0
020 |a 0091503116 
040 |a INS 
090 0 0 |a T49.   |b A32 1983 
100 1 |a Adams, E. C. 
245 1 0 |a Science in building   |c E. C. Adams 
250 |a 2nd ed. 
260 |a London :   |b Hutchinson ,   |c 1983 
300 |a 356p. ;   |c 21 cm. 
500 |a Includes index 
650 0 0 |a Building 
999 |a 0000001532   |b BOOK   |c Open Shelf   |e Default branch